1960 1447 1190 1426 1555 1635 1173 1250 1944 1285 1091 1054 1023 1861 1933 1425 1708 1934 1329 1121 1524 1777 1302 1810 1141 1360 1218 1744 1982 1118 1230 1807 1416 1837 1099 1630 1714 1321 1433 1261 1225 1809 1036 1687 1158 1932 1348 1326 1479 1509 1120 1203 1545 1851 1656 1553 1733 1326 1916 1787 1817 1461 1457 1929 1951 1515 1575 1906 1242 1097 1868 1780 1012 1369 1117 1001 1874 1099 1250 1267 1464 1272 1500 1159 1935 1641 1908 1403 1526 1848 1928 1579 1312 1132 1706 1764 1181 1209 1214 BCNSPRNW ULIB Ver.6.0+V

เปลี่ยนเป็นภาษาไทย

Change to English
 แสดงรายละเอียดบรรณานุกรม
  กลับหน้าหลัก

Brief Record : Get Marc (ISO 2709) : E-mail record : QR code < ปิดหน้าต่าง
LEADER : 00000nam 2200000uu 4500
001    13399124371
003     ULIB
008    150527s2557||||th 000 0 tha d
099    วจ.LC268^bส826ค
100 0  สมาภรณ์ เทียนขาว และ วิภาพร สิทธสาตร์
245 00 คุณภาพบัณฑิตและอัตลักษณ์บัณฑิตหลักสูตรพยาบาลศาสตร์บัณฑิต วิทยาลัยพยาบาลบรมราชชนนี พุทธชินราชที่สำเร็จการศึกษา 2555^cสมาภรณ์ เทียนขาว และ วิภาพร สิทธสาตร์
260    พิษณุโลก:^bวิทยาลัยพยาบาลบรมราชชนนี พุทธชินราช,^c2557
650  0 คุณภาพบัณฑิต,^xวิจัย
650  0 อัตลักษณ์บัณฑิต,^xวิจัย
700 0  วิภาพร สิทธสาตร์
945    ^p0^l0^i039453
999    ^aเกษร โพธิ์สุวรรณ
รายการนี้ยังไม่มีแท็ก
คุณยังไม่ได้ล็อกอิน คุณสามารถมีกิจกรรมร่วมกับเว็บไซต์ได้ แต่ต้องล็อกอินก่อน ::
  ล็อกอิน

รายการสื่อสารสนเทศ

ลำดับที่ ประเภท เลขเรียก/บาร์โค้ด สถานที่ สถานะ
1. งานวิจัย
งานวิจัย
วจ.LC268 ส826ค ฉ.1 
  Barcode: 039453
ห้องสมุดวิทยาเขตสวรรค์ประชารักษ์
►วิจัย
บนชั้น

BibComment


ยังไม่เคยถูกคอมเมนท์

คอมเมนท์ทรัพยากรรายการนี้
  คอมเมนท์: คุณภาพบัณฑิตและอั..


 Copyright 2026. Bcnsprnw @Library